[Event "AUTO-BEG-65"]
[Site "http://www.queenalice.com/game.php?id=210063"]
[Date "2007.5.12"]
[Round "2"]
[White "x_3mta3"]
[Black "JusEstripador"]
[Result "0-1"]
[WhiteElo "1316"]
[BlackElo "1303"]

1. e4 e5 2. Bc4 Nf6 3. Nf3 Nc6 4. Nc3 Na5 5. Bd5 c6 6. Bxf7+ Kxf7 7. Nxe5+ Ke7
8. d3 d6 9. Nf3 d5 10. exd5 Nxd5 11. Bg5+ Nf6 12. Qe2+ Kd7 13. Ne5+ Kc7 14. Nf7
Bg4 15. Qe5+ Bd6 16. Qxa5+ b6 17. Qa6 Qe7+ 18. Be3 Qxf7 19. Na4 Rhb8 20. Qc4 Qd7
21. d4 b5 22. Qd3 bxa4 23. b3 a3 24. d5 Nxd5 25. h3 Bf5 26. Qc4 Re8 27. Qh4 Nxe3
28. fxe3 Qe6 29. O-O-O Qxe3+ 30. Rd2 Qc3 31. Rf1 Qa1# 0-1

[Event "Taco Bell vs. Taco John's"]
[Site "http://www.queenalice.com/game.php?id=214205"]
[Date "2007.5.21"]
[Round "-"]
[White "x_3mta3"]
[Black "MontereyMatt"]
[Result "0-1"]
[WhiteElo "1332"]
[BlackElo "1339"]

1. e4 e5 2. Bc4 Bc5 3. Qh5 g6 4. Qf3 Nf6 5. Nc3 Nc6 6. Nd5 Be7 7. Nxe7 Qxe7 8.
Nh3 Nd4 9. Qd3 b6 10. f4 Bb7 11. c3 Bxe4 12. Qe3 Nc2+ 13. Ke2 Nxe3 14. dxe3 Bxg2
15. Rd1 Bxh3 16. fxe5 Bg4+ 17. Ke1 Bxd1 18. Kxd1 Qxe5 19. Bd2 Qxh2 20. Kc2 O-O-O
21. Ba6+ Kb8 22. a4 Ne4 23. a5 Nxd2 24. axb6 cxb6 25. b3 Rhe8 26. c4 Rxe3 27.
Kb2 Nxb3+ 28. Ka3 Nxa1+ 29. Kb4 Rb3+ 0-1

[Event "QA-ANNIV-03"]
[Site "http://www.queenalice.com/game.php?id=225796"]
[Date "2007.6.15"]
[Round "1"]
[White "x_3mta3"]
[Black "ichtus"]
[Result "0-1"]
[WhiteElo "1287"]
[BlackElo "2097"]

1. e4 c5 2. Bc4 e6 3. Nf3 Nc6 4. Nc3 d6 5. d3 Nge7 6. Nb5 a6 7. Nc3 b5 8. Nxb5
axb5 9. Bxb5 Qa5+ 10. Qd2 Qxb5 11. Ng5 h6 12. Nf3 Qb4 13. c3 Qb6 14. d4 cxd4 15.
cxd4 Qb4 16. a3 Qxd2+ 17. Bxd2 Ba6 18. d5 exd5 19. exd5 Nxd5 20. Rc1 Ne5 21.
Nxe5 dxe5 22. Rc5 Bxc5 23. g4 Ke7 24. b4 Bd4 25. g5 Bc3 26. gxh6 Bxd2+ 27. Kxd2
Rxh6 28. Rg1 Rxh2 29. Rf1 Bxf1 0-1

[Event "AUTO-BEG-81"]
[Site "http://www.queenalice.com/game.php?id=232370"]
[Date "2007.6.29"]
[Round "2"]
[White "x_3mta3"]
[Black "ZZZZ"]
[Result "0-1"]
[WhiteElo "1336"]
[BlackElo "1669"]

1. d4 d5 2. Nc3 c6 3. e4 Nf6 4. exd5 cxd5 5. Bb5+ Bd7 6. Nf3 Qa5 7. Ne5 Bxb5 8.
Qf3 h6 9. Qf5 g6 10. Qc8+ Qd8 11. Qxb7 Bc6 12. Qb3 e6 13. Nxc6 Nxc6 14. Qb7 Nxd4
15. Nb5 Nxc2+ 16. Kd1 Nxa1 17. Qc6+ Ke7 18. Be3 d4 19. Bxd4 Rc8 20. Qf3 Bg7 21.
Qa3+ Ke8 22. Nd6+ Kd7 23. Nxc8 Qxc8 24. Qxa7+ Qc7 25. Qa4+ Kd8 26. Qa8+ Kd7 27.
Qa4+ Ke7 28. Qb4+ Qd6 29. Qb7+ Nd7 30. Qe4 Qxd4+ 0-1

[Event "AUTO-BEG-81"]
[Site "http://www.queenalice.com/game.php?id=232371"]
[Date "2007.6.29"]
[Round "2"]
[White "ZZZZ"]
[Black "x_3mta3"]
[Result "1-0"]
[WhiteElo "1672"]
[BlackElo "1333"]

1. e4 d5 2. Nc3 Nf6 3. e5 Nfd7 4. d4 Nb6 5. Nf3 Bf5 6. Bd3 Qd7 7. Nh4 Bg4 8. f3
Be6 9. g4 Nc6 10. Nf5 g6 11. Nh6 f5 12. exf6 exf6 13. Ne2 f5 14. g5 f4 15. Bxf4
Nc4 16. b3 Bb4+ 17. c3 Ba3 18. bxc4 dxc4 19. Qb1 cxd3 20. Qxb7 Rb8 21. Qa6 Bb2
22. Rb1 Qd5 23. Qxd3 Rf8 24. Bxc7 Rc8 25. Nf4 Qxa2 26. Nxg6 Rxf3 27. Rxb2 Qxb2
28. Qxf3 Rxc7 29. Qf8+ Kd7 30. Ne5+ Nxe5 31. Qg7+ 1-0

[Event "AUTO-BEG-81"]
[Site "http://www.queenalice.com/game.php?id=232374"]
[Date "2007.6.29"]
[Round "2"]
[White "x_3mta3"]
[Black "lukas2007"]
[Result "0-1"]
[WhiteElo "1304"]
[BlackElo "1469"]

1. c4 d5 2. d3 h5 3. Qa4+ Bd7 4. Qb4 dxc4 5. Qxc4 b5 6. Qf4 c5 7. Nf3 f6 8. Nc3
e5 9. Qg3 Qa5 10. Qg6+ Kd8 11. Bd2 Be8 12. Qf5 Bd7 13. Qg6 Be6 14. Ng5 fxg5 15.
Bxg5+ Nf6 16. g4 a6 17. gxh5 Qc7 18. Bg2 Qf7 19. Bxf6+ gxf6 20. Qxf7 Bxf7 21.
Bxa8 Rxh5 22. a4 b4 23. Ne4 f5 24. Ng3 Rg5 25. e4 fxe4 26. dxe4 Bg6 27. Rc1 Bd6
28. Rd1 Kc7 29. Ne2 Bh5 0-1

[Event "AUTO-BEG-393"]
[Site "http://www.queenalice.com/game.php?id=771490"]
[Date "2010.5.6"]
[Round "1"]
[White "x_3mta3"]
[Black "saida"]
[Result "0-1"]
[WhiteElo "1295"]
[BlackElo "1080"]

1. e4 c5 2. f4 e5 3. fxe5 Qh4+ 4. g3 Qxe4+ 5. Be2 Qxh1 6. Kf2 Qxh2+ 7. Ke1 Qxg1+
8. Bf1 Qxg3+ 9. Ke2 Qxe5+ 10. Kf2 Bd6 11. Qf3 Nf6 12. Nc3 Qh2+ 13. Bg2 Nc6 14.
Qe3+ Be5 0-1

[Event "AUTO-BEG-393"]
[Site "http://www.queenalice.com/game.php?id=771491"]
[Date "2010.5.6"]
[Round "1"]
[White "saida"]
[Black "x_3mta3"]
[Result "1-0"]
[WhiteElo "1119"]
[BlackElo "1295"]

1. d4 e5 2. dxe5 Nc6 3. Nf3 Qe7 4. Bf4 f6 5. exf6 Qxf6 6. Bxc7 Bc5 7. Nc3 Ne5 8.
Bxe5 Qa6 9. Qd5 Qb6 10. e3 Nf6 11. Bxf6 gxf6 12. Qh5+ Ke7 13. Nd5+ Ke6 14. Nxb6
1-0